| 000 | 00670nam a2200205Ia 4500 | ||
|---|---|---|---|
| 999 |
_c28479 _d28479 |
||
| 005 | 20240530101903.0 | ||
| 008 | 140319s9999 xx 000 0 ara d | ||
| 017 | _bمصر. دار الكتب | ||
| 040 |
_aGCL / _cGCL |
||
| 082 | 0 | 4 |
_a811.009 _bم ع _221 |
| 100 | 1 | _aمروان فارس | |
| 245 | 1 | 0 |
_aعلم الابداع عند جبران خليل جبران , خليل حاوى , ناديا توينى , صلاح ستيتة/ _cمروان فارس |
| 260 | _c1990 | ||
| 300 | _a121 ص | ||
| 650 | 0 | 4 |
_aالشعر العربى _2qrmak |
| 650 | 0 | 4 |
_aالعصر الحديث _2qrmak |
| 650 | 0 | 4 |
_aتاريخ ونقد _2qrmak |
| 651 | _2qrmak | ||
| 942 |
_2ddc _cBK |
||